000 00550nam a2200181Ia 4500
008 090123s9999 xx 000 0 und d
082 _b36840
_a891.463/शेलार
100 _aशेलार बजरंग
245 _aपुढे आलो
250 _a1
260 _bस्नेहवर्धन प्रकाशन
_c2004
300 _a108
600 _aशेलार बजरंग
630 _aपुढे आलो
700 _aशेलार बजरंग
730 _aपुढे आलो
942 _cBOOK
999 _c74906
_d74906